00296pam a2200121 a 4500020000500000041000500005082000800010100003700018245006900055250001000124260002700134300001300161 c h bSRI aSrinivasan Bobby ,eSandbom C L. aQuantitavive analysis for business decisions hTextual Documents a1989. aNew DelhibMcGraw Hill a571 pg .